Statistics for Countries That Produce the Most Potatoes

Click here to take the quiz!

General Stats

  • This quiz has been taken 76 times
  • The average score is 37 of 45

Answer Stats

TonnesCountry% Correct
18,789,970United States
100%
5,520,000United Kingdom
99%
78,183,874China
97%
51,300,000India
97%
19,607,361Russia
97%
5,295,484Canada
96%
11,715,100Germany
96%
1,943,910Mexico
96%
1,076,780Australia
94%
3,767,769Brazil
94%
8,691,900France
94%
7,848,600Poland
94%
2,051,830Spain
94%
20,837,990Ukraine
94%
1,434,650Italy
93%
1,282,768Indonesia
92%
2,426,526Argentina
89%
2,274,435Japan
89%
4,474,886Iran
86%
5,467,041Peru
86%
2,546,996South Africa
86%
5,200,000Turkey
86%
4,006,780Kazakhstan
85%
1,288,154Chile
83%
5,215,905Egypt
83%
4,552,656Pakistan
83%
7,020,060Netherlands
82%
5,231,168Belarus
81%
2,698,500Romania
79%
3,928,910Belgium
78%
2,625,272Colombia
78%
1,199,324Nigeria
78%
1,141,872Ethiopia
75%
1,317,923Bolivia
72%
2,762,900Denmark
72%
4,659,482Algeria
71%
1,707,068Morocco
71%
1,859,776Kenya
69%
9,606,000Bangladesh
65%
3,143,818Uzbekistan
65%
1,078,270Tanzania
61%
3,131,830Nepal
50%
1,037,637Azerbaijan
49%
1,327,163Kyrgyzstan
47%
1,318,236Malawi
24%

Score Distribution

Percentile by Number Answered

Percent of People with Each Score

Your Score History

You have not taken this quiz